| 000 | 00781cam a22002533a 4500 | ||
|---|---|---|---|
| 001 | 22089 | ||
| 003 | PGUSA | ||
| 005 | 20140828083454.0 | ||
| 008 | 070716s2007||||xxu|||||s|||||000 | eng d | ||
| 040 |
_aPGUSA _beng |
||
| 042 | _adc | ||
| 050 | 4 | _aM | |
| 100 | 1 |
_aClark, George Washington, _d1812- |
|
| 245 | 1 | 4 |
_aThe Liberty Minstrel _h[electronic resource] / _cGeorge Washington Clark |
| 260 |
_bProject Gutenberg, _c2007 |
||
| 506 | _aPublic domain in the USA. | ||
| 516 | _aElectronic text | ||
| 653 | _aAfrican Americans -- Music | ||
| 653 | _aAntislavery movements -- United States -- Songs and music | ||
| 653 | _aSlavery -- United States -- Songs and music | ||
| 830 | 0 |
_aProject Gutenberg _v22089 |
|
| 856 | 4 | 0 | _uhttp://www.gutenberg.org/ebooks/22089 |
| 942 | _cEB | ||
| 999 |
_c251344 _d251344 |
||